Countries with the most Land Area - Statistics

General Stats
  • This quiz has been taken 25 times
  • The average score is 25 of 30
Answer Stats
Rank Continent Country % Correct
8 South America Argentina
100%
1 Asia/Europe Russia
100%
5 South America Brazil
96%
2 North America Canada
96%
4 Asia/North America China | United States
96%
7 Asia India
96%
3 North America/Asia United States | China
96%
6 Oceania Australia
92%
12 North America (territory of Denmark) Greenland
92%
10 Africa Algeria
88%
13 Asia Saudi Arabia
88%
26 South America Colombia
84%
11 Africa Democratic Republic of the Congo
84%
9 Asia Kazakhstan
84%
14 North America Mexico
84%
19 Asia Mongolia
84%
28 South America Bolivia
80%
21 Africa Chad
80%
27 Africa Ethiopia
80%
15 Asia Indonesia
80%
22 Africa Niger
80%
20 South America Peru
80%
17 Africa Libya
76%
16 Africa Sudan
76%
23 Africa Angola
72%
30 Africa Egypt
72%
18 Asia Iran
72%
24 Africa Mali
72%
25 Africa South Africa
72%
29 Africa Mauritania
68%
No matching quizzes found
Score Distribution
Percent of People with Each Score
Percentile by Number Answered
Your Score History
You have not taken this quiz